00506cam a2200193 a 45000010009000000050017000090080041000260100017000670200038000840200035001220350024001570400035001810410008002160800015002240820019002391000007002581010008002652450039002731579103820180308081958.0090625s2010 nyu 001 0 eng  a 2009025460 a9780071614191 (hbk. : alk. paper) a0071614192 (hbk. : alk. paper) a(OCoLC)ocn318409196 aDLCcDLCdYDXdSINLBdVP@dDLC aeng a153.83 STE00a153.83 STE2221 a48 aPSI14aThe right decision :cJames Stein.